000
00312nam a2200145Ia 4500
100
_a
Naughton Patrick
942
_c
BK
654
_a
Computer
245
_a
Complete Reference Java
260
_b
Tata Mc Graw hill
_a
New york
_c
1997
082
_a
5.13
_b
NAV
300
_a
886
546
_a
ENGLISH
999
_c
24402
_d
24402